FIFA World Cup History - Statistics

General Stats
  • This quiz has been taken 57 times
    25 since last reset
  • The average score is 74 of 110
Answer Stats
Tournament Hint Answer % Correct
1930 FIFA World Cup Host country and the winner Uruguay
100%
2006 FIFA World Cup Host country Germany
95%
2002 FIFA World Cup Best goalkeeper of the tournament Oliver Kahn
95%
1986 FIFA World Cup Player who scored the "Hand of God" goal Diego Maradona
90%
1970 FIFA World Cup Top goal scorer from West Germany Gerd Müller
90%
2002 FIFA World Cup Rule that was used last time when first goal scored in extra time wins the match Golden Goal
90%
1954 FIFA World Cup Heavily favoured Golden Team that Germans beat in the final Hungary
90%
1934 FIFA World Cup Host country and the winner Italy
90%
2014 FIFA World Cup Top goal scorer from Colombia James Rodríguez
90%
2002 FIFA World Cup Host countries Japan / South Korea
90%
2022 FIFA World Cup Winning team captain Lionel Messi
90%
2014 FIFA World Cup Best goalkeeper of the tournament Manuel Neuer
90%
1970 FIFA World Cup Host country Mexico
90%
1958 FIFA World Cup Youngest player to play in a World Cup final match at 17 years Pelé
90%
2022 FIFA World Cup Host country Qatar
90%
2002 FIFA World Cup Player who scored both goals for Brazil in the final Ronaldo
90%
2018 FIFA World Cup Host country Russia
90%
2022 FIFA World Cup Team that beat world champions 2-1 in their first match Saudi Arabia
90%
1958 FIFA World Cup Host country and the finalist Sweden
90%
2018 FIFA World Cup Name of the technology that was used for the first time VAR
90%
2010 FIFA World Cup Official World Cup song performed by Shakira Waka Waka
90%
1930 FIFA World Cup Number of teams participated in the first World Cup 13
85%
2014 FIFA World Cup Result that Germany defeated Brazil in the semi-finals 7-1
85%
1990 FIFA World Cup First African county to reach quarter-finals in World Cup history Cameroon
85%
1950 FIFA World Cup First British team that played at World Cup England
85%
2006 FIFA World Cup Best goalkeeper of the tournament Gianluigi Buffon
85%
2018 FIFA World Cup Top goal scorer from England Harry Kane
85%
1974 FIFA World Cup Captain of the runners-up Dutch national team Johan Cruyff
85%
2010 FIFA World Cup City in South Africa where the final was played Johannesburg
85%
2022 FIFA World Cup Player who scored hat-trick in the final Kylian Mbappé
85%
2006 FIFA World Cup Top goal scorer from Germany Miroslav Klose
85%
1978 FIFA World Cup Team that Argentina defeated in the final Netherlands
85%
2006 FIFA World Cup Nation that first appeared after dissolution of Yugoslavia Serbia and Montenegro
85%
1994 FIFA World Cup Host country United States
85%
2010 FIFA World Cup Player who scored the winning goal in extra time in the final for Spain Andrés Iniesta
80%
2014 FIFA World Cup European nation that was the only debutant Bosnia and Herzegovina
80%
1962 FIFA World Cup Host country Chile
80%
1934 FIFA World Cup First ever African team to participate at World Cup Egypt
80%
1974 FIFA World Cup Captain of the German national team that won the title Franz Beckenbauer
80%
2006 FIFA World Cup Player that Zinedine Zidane head-butted and got sent off in the final match Marco Materazzi
80%
2014 FIFA World Cup Player who scored the winning goal in extra time in the final for Germany Mario Götze
80%
1986 FIFA World Cup First African and Arab national team to have passed the first round of the World Cup Morocco
80%
1982 FIFA World Cup Golden Ball winner and top goal scorer Paolo Rossi
80%
1994 FIFA World Cup Player who missed the decisive penalty for Italy in the final Roberto Baggio
80%
1990 FIFA World Cup Last World Cup appearance of an Eastern Bloc team Soviet Union
80%
1998 FIFA World Cup Player who scored two goals for France in the final Zinedine Zidane
80%
1966 FIFA World Cup Continent that boycotted the tournament after FIFA ruled that there would be no direct qualification Africa
75%
1974 FIFA World Cup First ever Oceanian team to participate at World Cup Australia
75%
1962 FIFA World Cup Team that Brazil defeated in the final Czechoslovakia
75%
1998 FIFA World Cup Top goal scorer from Croatia Davor Šuker
75%
1966 FIFA World Cup Top goal scorer from Portugal Eusébio
75%
1998 FIFA World Cup Golden Glove Fabien Barthez
75%
1962 FIFA World Cup Hungarian player who switched national team and played for Spain Ferenc Puskás
75%
1958 FIFA World Cup Top goal scorer with 13 goals Just Fontaine
75%
1958 FIFA World Cup Legendary Soviet goalkeeper Lev Yashin
75%
1954 FIFA World Cup Host country Switzerland
75%
2018 FIFA World Cup Best goalkeeper of the tournament Thibaut Courtois
75%
1938 FIFA World Cup Team that withdrew as their county unified with Germany Austria
70%
2010 FIFA World Cup Last name of first two brothers playing for opposite nations Boateng
70%
1982 FIFA World Cup Italy's 40-year-old goalkeeper and captain who became the oldest player to win the World Cup Dino Zoff
70%
1986 FIFA World Cup Top goal scorer from England Gary Lineker
70%
1966 FIFA World Cup Best goalkeeper of the tournament Gordon Banks
70%
1998 FIFA World Cup German player who recorded 25th appearance in his 5th World Cup Lothar Matthäus
70%
2018 FIFA World Cup Golden Ball winner Luka Modrić
70%
1982 FIFA World Cup City that was the host of the final Madrid
70%
1950 FIFA World Cup Stadium where 199,854 people watched Brazil v Uruguay Maracana
70%
1978 FIFA World Cup Player who scored two goals for Argentina in the final Mario Kempes
70%
1954 FIFA World Cup Name of the final match known in Germany Miracle of {Bern}
70%
1966 FIFA World Cup Stadium that hosted the final match Wembley Stadium
70%
1970 FIFA World Cup Result that Brazil defeated Italy in the final 4-1
65%
1994 FIFA World Cup Colombian player who lost his life after scoring an own goal Andrés Escobar
65%
1982 FIFA World Cup Team that Hungary defeated 10-1 El Salvador
65%
1962 FIFA World Cup Brazilian winger who finished joint top scorer Garrincha
65%
2002 FIFA World Cup Coach of Brazilian winning national team Luiz Felipe Scolari
65%
1970 FIFA World Cup First man to win the World Cup both as player and coach Mário Zagallo
65%
1970 FIFA World Cup Company that published its first FIFA World Cup sticker album Panini
65%
1938 FIFA World Cup City where the final match took place Paris
65%
1990 FIFA World Cup Golden Ball winner and top goal scorer Salvatore Schillaci
65%
1966 FIFA World Cup English player who scored hat-trick in the final Geoff Hurst
60%
1934 FIFA World Cup Italian player after whom the San Siro stadium in Milan is named Giuseppe Meazza
60%
1950 FIFA World Cup Gold trophy that was first awarded to the winners Jules Rimet Trophy
60%
1954 FIFA World Cup Top goal scorer from Hungary Sándor Kocsis
60%
2010 FIFA World Cup Long horn blown by fans throughout matches Vuvuzela
60%
1938 FIFA World Cup Latin American nation with first and only World Cup appearance Cuba
55%
1986 FIFA World Cup Stadium where the final game was played Estadio {Azteca}
55%
1978 FIFA World Cup Peruan star who scored 5 goals Teofilio Cubillas
55%
1974 FIFA World Cup Top goal scorer from Poland Grzegorz Lato
50%
1994 FIFA World Cup Russian who scored 5 goals against Cameroon Oleg Salenko
45%
1962 FIFA World Cup Natural disaster on 22 May 1960 that forced the modification of the World Cup's calendar The Valdivia {earthquake}
45%
1950 FIFA World Cup Top goal scorer from Brazil with 9 goals Ademir
40%
1978 FIFA World Cup Stadium that hosted the final match Estadio Monumental
40%
1954 FIFA World Cup German player who scored the winning goal in the final Helmut Rahn
40%
1938 FIFA World Cup Top goal scorer from Brazil Leônidas
40%
1994 FIFA World Cup Stadium where the final game was played Rose Bowl
40%
1990 FIFA World Cup Argentine goalkeeper who was the hero in consecutive penalty shoot-outs Sergio Goycochea
40%
1986 FIFA World Cup Country originally chosen to host the World Cup Colombia
35%
1974 FIFA World Cup Name of the current trophy that was first time awarded FIFA World Cup Trophy
35%
1998 FIFA World Cup Animal named Footix that was the offical mascot Rooster
35%
1930 FIFA World Cup Stadium with 90,000 capacity the final was played Estadio {Centenario}
30%
1950 FIFA World Cup Uruguayan star who scored a goal in the deciding match Juan Alberto Schiaffino
30%
1990 FIFA World Cup World Cup mascot Ciao
25%
1978 FIFA World Cup World Cup mascot Gauchito
25%
1982 FIFA World Cup Popular name of the semi-final match West Germany v France Night of {Seville}
25%
1934 FIFA World Cup Top goal scorer from Czechoslovakia Oldrich Nejedly
25%
1934 FIFA World Cup Legendary Spanish goalkeeper Ricardo Zamora
25%
1930 FIFA World Cup Player who scored first World Cup goal Lucien Laurent
20%
2022 FIFA World Cup Stadium where the final game was played Lusail Stadium
20%
1938 FIFA World Cup Informal name for the match Brazil v Czechoslovakia that had a series of brutal fouls by both sides Battle of {Bordeaux}
15%
1930 FIFA World Cup Top goal scorer from Argentina Guillermo Stabile
15%
1958 FIFA World Cup Oldest goalscorer in a World Cup final Niels Liedholm
5%
No matching quizzes found
Score Distribution
Percent of People with Each Score
Percentile by Number Answered
Your Score History
You have not taken this quiz since the last reset